| 000 | 01012nam a2200265Ia 4500 | ||
|---|---|---|---|
| 999 |
_c4211 _d4211 |
||
| 003 | OSt | ||
| 005 | 20200605122334.0 | ||
| 008 | 191128s2003 mx gr 000 0 spa d | ||
| 020 | _a9789681668419 | ||
| 040 |
_aCO-JMCR _cCO-JMCR |
||
| 041 | 0 | _aspa | |
| 082 | 0 | 4 |
_a330.1 / _bK446t _223 |
| 100 | 1 |
_aKeynes, John Maynard, _eautor _95007 |
|
| 245 | 1 | 0 |
_aTeoría general de la ocupación, el interés y el dinero / _cJohn Maynard Keynes ; traducción de Eduardo Hornedo |
| 250 | _aCuarta edición | ||
| 260 |
_aMéxico : _bFondo de cultura económica, _c2003 |
||
| 300 |
_a412 páginas ; _c21 cm. |
||
| 490 | _aColección economá | ||
| 505 | _aDefiniciones e ideas -- La propensión a consumir -- El incentivo para intervenir -- Salarios nominales y precios -- Breves consideraciones sugeridas por la teoría general -- | ||
| 650 | 1 | 4 |
_aEconomía _95008 |
| 650 | 2 | 4 |
_aTeorías Moneda _95009 |
| 650 | 2 | 4 |
_aEconomía Usura _xEconomía _95010 |
| 700 | 1 |
_aHornedo, Eduardo, _etraductor _95011 |
|
| 942 |
_2ddc _cBK |
||